000 00552nam a2200193 a 4500
005 20230525063514.0
008 991125s1981 es 000 0 spa u
020 _a8473671791
035 _aUPN01000002101
049 _aCG
050 4 _aHX526
_bG7.38
100 1 _aGramsci, Antonio,
_d1891-1937
245 1 3 _aLa alternativa pedagógica /
_cAntonio Gramsci ; tr. Carlos Cristo.
260 _aBarcelona [Esp.] :
_bFontamara,
_c1981.
300 _a251 p.
440 0 _aEnsayo contemporáneo
650 4 _aSocialismo y educación
_97302
905 _aLibro
999 _c2101
_d2101